000 00578nam a2200181Ia 4500
001 1710
003 GE_BSU
008 181216s||||||||xx |||||||||||||| ||und||
040 _cGE_BSU
080 _a811.353.1(083)+811.(083)
245 _aქართულ –ინგლისური ლექსიკონი. 1
245 _cრედ.ნანა დემურია
260 _aთბილისი
300 _a230 გვ. 19სმ.
541 _h6 ლ.
653 _aლექსიკონი ქართულ– ინგლისური
942 _cBK
999 _c35821
_d35821